000 00950nam a2200253Ia 4500
003 OSt
005 20221005104130.0
006 a|||||r|||| 00| 0
007 ta
008 221004b |||||||| |||| 00| 0 hin d
024 _a121119
037 _bGIft, 13/09/2012,
_cTextual
040 _aCRL
_cCRL
_bhin
041 _2hin
_ahin
082 _aO152v, P9
245 0 _aपुनर्लेखन
246 _aPunarlekhana
260 _aदिल्ली
_bदिल्ली विश्वविद्यालय भारत
_c2009
300 _a137पृ0
_ccm.
490 _aविश्वविद्यालय अनुवाद आयोग की विभागीय शोध योजना ंिहंदी साहित्य के इतिहास का
650 _aहिन्दी साहित्य
942 _hO152v, P9
_cTEXL
_2cc
999 _c1011812
_d1011812